[Event "Chess24 Banter Blitz Cup"]
[Site "chess24.com INT"]
[Date "2019.11.06"]
[Round "1.1"]
[White "Ibarra Jerez, Jose Carlos"]
[Black "Chigaev, Maksim"]
[Result "1/2-1/2"]
[WhiteTitle "GM"]
[BlackTitle "GM"]
[WhiteElo "2538"]
[BlackElo "2644"]
[WhiteFideId "2226332"]
[BlackFideId "4108116"]
[EventDate "2019.09.25"]
[EventType "blitz"]

1. e4 e5 2. Nf3 Nc6 3. d4 exd4 4. Nxd4 Nf6 5. Nc3 Nxe4 6. Nxe4 Qe7 7. f3 d5 8.
Bb5 Bd7 9. Bxc6 bxc6 10. O-O dxe4 11. Re1 O-O-O 12. Rxe4 Qf6 13. Qe2 c5 14. Nb3
Qb6 15. Be3 Bc6 16. Re5 Bd6 17. Bxc5 Bxc5+ 18. Rxc5 Rhe8 19. Qf2 Bb5 20. Re1
Rxe1+ 21. Qxe1 Bc4 22. Qe3 Rd1+ 23. Kf2 Rf1+ 24. Kg3 Qd6+ 25. Qe5 Qg6+ 26. Qg5
Qd6+ 27. Qe5 Qg6+ 28. Qg5 Qd6+ 29. Qe5 1/2-1/2

[Event "Chess24 Banter Blitz Cup"]
[Site "chess24.com INT"]
[Date "2019.11.06"]
[Round "1.2"]
[White "Chigaev, Maksim"]
[Black "Ibarra Jerez, Jose Carlos"]
[Result "0-1"]
[WhiteTitle "GM"]
[BlackTitle "GM"]
[WhiteElo "2644"]
[BlackElo "2538"]
[WhiteFideId "4108116"]
[BlackFideId "2226332"]
[EventDate "2019.09.25"]
[EventType "blitz"]

1. e4 c5 2. Nf3 e6 3. g3 Nc6 4. Bg2 Nf6 5. Qe2 e5 6. O-O Be7 7. Nc3 O-O 8. Nd5
d6 9. c3 Bg4 10. h3 Bh5 11. d3 Nxd5 12. exd5 Nb8 13. a4 f5 14. Qc2 Nd7 15. a5
Qc7 16. Nd2 Rae8 17. Nc4 Nf6 18. f4 Nd7 19. Qa4 Be2 20. fxe5 dxe5 21. Re1 Bxd3
22. d6 Bxd6 23. Nxd6 Qxd6 24. Qb3+ c4 25. Qxb7 Nc5 26. Qxa7 Nb3 27. Be3 f4 28.
Qb6 Qd7 29. gxf4 exf4 30. Bc5 Nxa1 31. Rxa1 Rf6 32. Qb7 Qf5 33. Qd5+ Kh8 34.
Qxf5 Rxf5 35. Bf2 f3 36. Bf1 Rg5+ 37. Kh1 Bxf1 38. Rxf1 Re2 39. Bd4 Rxa5 0-1

[Event "Chess24 Banter Blitz Cup"]
[Site "chess24.com INT"]
[Date "2019.11.06"]
[Round "1.3"]
[White "Ibarra Jerez, Jose Carlos"]
[Black "Chigaev, Maksim"]
[Result "1/2-1/2"]
[WhiteTitle "GM"]
[BlackTitle "GM"]
[WhiteElo "2538"]
[BlackElo "2644"]
[WhiteFideId "2226332"]
[BlackFideId "4108116"]
[EventDate "2019.09.25"]
[EventType "blitz"]

1. Nf3 Nf6 2. g3 g6 3. b3 Bg7 4. Bb2 O-O 5. Bg2 b6 6. O-O Bb7 7. c4 c5 8. d4
cxd4 9. Qxd4 d6 10. Rd1 Nbd7 11. Nc3 Rc8 12. Rac1 a6 13. Qd2 Re8 14. Nd5 b5 15.
Nd4 Rb8 16. Nxf6+ Nxf6 17. Nc6 Bxc6 18. Bxc6 Rf8 19. cxb5 axb5 20. Bd4 Ng4 21.
Bxg7 Kxg7 22. Qd4+ Nf6 23. a4 bxa4 24. bxa4 Qa5 25. Rb1 Rfc8 26. Rxb8 Rxb8 27.
Bb5 Rxb5 28. axb5 Qxb5 29. Qd3 Qh5 30. f3 Qc5+ 31. Kg2 h5 32. h4 Qe5 33. Rd2 Qa5
34. Qd4 Qb5 35. Qe3 Qb7 36. Ra2 Nd5 37. Qd4+ e5 38. Qd3 Qc6 39. Rd2 Nf6 40. Qxd6
Qc3 41. Qd3 Qb4 42. Qe3 e4 43. Rd4 Qb2 44. Rxe4 Nxe4 45. Qxe4 Qd2 46. f4 Kg8 47.
Qe8+ Kg7 48. Qe5+ Kg8 49. Kf3 Qd1 50. Qe3 Qh1+ 51. Kf2 Qh2+ 52. Ke1 Qh1+ 53. Kd2
Qd5+ 54. Qd3 Qa2+ 55. Ke1 Qa1+ 56. Kf2 Qh1 57. Qd8+ Kg7 58. Qd4+ Kg8 59. Qe5
Qh2+ 60. Kf3 Qh1+ 61. Ke3 Qg1+ 62. Kf3 Qh1+ 63. Kf2 Qh2+ 64. Kf3 Qh1+ 1/2-1/2

[Event "Chess24 Banter Blitz Cup"]
[Site "chess24.com INT"]
[Date "2019.11.06"]
[Round "1.4"]
[White "Chigaev, Maksim"]
[Black "Ibarra Jerez, Jose Carlos"]
[Result "1-0"]
[WhiteTitle "GM"]
[BlackTitle "GM"]
[WhiteElo "2644"]
[BlackElo "2538"]
[WhiteFideId "4108116"]
[BlackFideId "2226332"]
[EventDate "2019.09.25"]
[EventType "blitz"]

1. e4 c5 2. Nf3 Nc6 3. g3 Nf6 4. d3 d5 5. exd5 Nxd5 6. Bg2 g6 7. O-O Bg7 8. Re1
O-O 9. Nbd2 e5 10. a4 b6 11. Nc4 f6 12. c3 Be6 13. a5 b5 14. Ne3 Nxa5 15. Ng5
fxg5 16. Nxd5 Bxd5 17. Bxg5 Qd7 18. Bxd5+ Qxd5 19. Rxa5 e4 20. Be3 exd3 21. Rxb5
Rac8 22. Qa4 Rfe8 23. Rd1 Bf8 24. c4 Qf5 25. Rb3 Rcd8 26. Rbxd3 Rxd3 27. Rxd3
Qxd3 28. Qxe8 Qxc4 29. Bh6 Qf7 30. Qa8 c4 31. Qc8 c3 32. Bxf8 Qxf8 33. Qc4+ Qf7
34. Qxc3 h5 35. h4 Kh7 36. Kg2 Qb7+ 37. f3 Qg7 38. Kf2 Qxc3 39. bxc3 a5 40. Ke2
a4 41. Kd2 a3 42. Kc2 a2 43. Kb2 a1=Q+ 44. Kxa1 g5 45. Kb2 gxh4 46. gxh4 Kg6 47.
c4 Kf6 48. Kc3 Ke6 49. Kd4 Kd6 50. Ke4 1-0

[Event "Chess24 Banter Blitz Cup"]
[Site "chess24.com INT"]
[Date "2019.11.06"]
[Round "1.5"]
[White "Ibarra Jerez, Jose Carlos"]
[Black "Chigaev, Maksim"]
[Result "1-0"]
[WhiteTitle "GM"]
[BlackTitle "GM"]
[WhiteElo "2538"]
[BlackElo "2644"]
[WhiteFideId "2226332"]
[BlackFideId "4108116"]
[EventDate "2019.09.25"]
[EventType "blitz"]

1. e4 e5 2. Nf3 Nc6 3. Bb5 a6 4. Bxc6 dxc6 5. O-O Bd6 6. d4 exd4 7. Qxd4 f6 8.
Be3 Ne7 9. Nbd2 Be6 10. Qc3 Qd7 11. Nd4 O-O-O 12. b4 Ng6 13. N2b3 Bxb3 14. Qxb3
Rhe8 15. f3 Bf4 16. Bf2 Be5 17. Rad1 Nf4 18. Rfe1 Bxd4 19. Rxd4 Qe6 20. Rxd8+
Rxd8 21. Qe3 Qe5 22. Qa7 Rd2 23. Qa8+ Kd7 24. h4 Ne2+ 25. Kf1 Qh2 26. Rxe2 Qh1+
27. Bg1 Rd1+ 28. Kf2 Qxg1+ 29. Kg3 Qf1 30. Re3 Qb5 31. Qg8 Qe5+ 32. f4 Qe7 33.
Rd3+ Rxd3+ 34. cxd3 b6 35. h5 h6 36. Kf3 Kd6 37. a3 c5 38. Qd5# 1-0

[Event "Chess24 Banter Blitz Cup"]
[Site "chess24.com INT"]
[Date "2019.11.06"]
[Round "1.6"]
[White "Chigaev, Maksim"]
[Black "Ibarra Jerez, Jose Carlos"]
[Result "0-1"]
[WhiteTitle "GM"]
[BlackTitle "GM"]
[WhiteElo "2644"]
[BlackElo "2538"]
[WhiteFideId "4108116"]
[BlackFideId "2226332"]
[EventDate "2019.09.25"]
[EventType "blitz"]

1. e4 Nc6 2. Nf3 d6 3. g3 Nf6 4. d3 g6 5. Bg2 Bg7 6. O-O O-O 7. Re1 e5 8. Nbd2
h6 9. a4 Be6 10. a5 a6 11. c3 Qd7 12. Nc4 Rfe8 13. Nfd2 d5 14. exd5 Bxd5 15. Ne4
Nxe4 16. dxe4 Be6 17. Qxd7 Bxd7 18. Ne3 Ne7 19. Rd1 Be6 20. Nd5 Nxd5 21. exd5
Bg4 22. Re1 Rad8 23. Be3 Bd7 24. c4 e4 25. Rab1 f5 26. b4 Ba4 27. Rec1 g5 28. h4
gxh4 29. gxh4 Bd7 30. b5 Kh7 31. Bf4 Be5 32. Bxe5 Rxe5 33. bxa6 bxa6 34. Rb7 f4
35. Rxc7 Kh8 36. Kh2 Rh5 37. Bxe4 Rg8 0-1

[Event "Chess24 Banter Blitz Cup"]
[Site "chess24.com INT"]
[Date "2019.11.06"]
[Round "1.7"]
[White "Ibarra Jerez, Jose Carlos"]
[Black "Chigaev, Maksim"]
[Result "0-1"]
[WhiteTitle "GM"]
[BlackTitle "GM"]
[WhiteElo "2538"]
[BlackElo "2644"]
[WhiteFideId "2226332"]
[BlackFideId "4108116"]
[EventDate "2019.09.25"]
[EventType "blitz"]

1. Nf3 g6 2. e4 Bg7 3. d4 d6 4. Nc3 e6 5. Bf4 Nd7 6. Bc4 h6 7. h4 a6 8. a4 b6 9.
O-O Ne7 10. Qd2 Bb7 11. Rfe1 Kf8 12. Rad1 Kg8 13. Bg3 Kh7 14. Bb3 Rf8 15. Qd3
Nf6 16. Qe2 Nh5 17. Bh2 Nf6 18. Bg3 Nd7 19. Qe3 Qb8 20. Qe2 Qa7 21. Bc4 Rae8 22.
Bd3 Qa8 23. h5 Nf6 24. hxg6+ fxg6 25. Nh4 Nh5 26. Bh2 Nf4 27. Bxf4 Rxf4 28. g3
Rff8 29. Qg4 Bxd4 30. Nf3 Bg7 31. Kg2 Nf5 32. exf5 exf5 33. Qf4 Be5 34. Rxe5
dxe5 35. Qe3 Bxf3+ 36. Qxf3 Qxf3+ 37. Kxf3 e4+ 38. Bxe4 fxe4+ 39. Ke3 Rf3+ 40.
Ke2 Rf7 41. Rd2 e3 42. fxe3 h5 43. Nd5 Re4 44. Rd3 Rg4 45. b3 Rxg3 46. Rd4 Rg2+
47. Kd3 Kh6 48. c3 g5 49. c4 a5 50. Re4 h4 51. Re6+ Kg7 52. Re5 h3 53. Nf4 gxf4 0-1

[Event "Chess24 Banter Blitz Cup"]
[Site "chess24.com INT"]
[Date "2019.11.06"]
[Round "1.8"]
[White "Chigaev, Maksim"]
[Black "Ibarra Jerez, Jose Carlos"]
[Result "1-0"]
[WhiteTitle "GM"]
[BlackTitle "GM"]
[WhiteElo "2644"]
[BlackElo "2538"]
[WhiteFideId "4108116"]
[BlackFideId "2226332"]
[EventDate "2019.09.25"]
[EventType "blitz"]

1. e4 e5 2. Nf3 d6 3. g3 Nf6 4. d3 g6 5. Bg2 Bg7 6. O-O O-O 7. Nbd2 c5 8. a4 Nc6
9. Re1 h6 10. Nc4 Be6 11. c3 Qc7 12. Nfd2 Rad8 13. Ne3 Rfe8 14. Nd5 Bxd5 15.
exd5 Ne7 16. Qb3 Nd7 17. a5 f5 18. Nc4 Kh7 19. a6 b6 20. Na3 Nf6 21. Nb5 Qb8 22.
f4 e4 23. c4 Neg8 24. Bd2 Re7 25. Re2 Rde8 26. Rae1 Qd8 27. Qc2 Qd7 28. Bc3 e3
29. Bf3 h5 30. Qc1 Ng4 31. Bxg4 fxg4 32. Rxe3 Nh6 33. Re4 Nf5 34. Rxe7 Rxe7 35.
Re4 h4 36. Qe1 hxg3 37. hxg3 Rf7 38. Kg2 Bxc3 39. bxc3 Qc8 40. Re8 Qxa6 41. Nxd6
Qa2+ 42. Re2 Qxe2+ 43. Qxe2 Nxd6 44. Qe6 a5 45. Qxd6 a4 46. Qxb6 Re7 47. Qxc5
Re2+ 48. Kf1 Ra2 49. d6 Kh6 50. d7 Ra1+ 51. Ke2 Ra2+ 52. Ke3 1-0

[Event "Chess24 Banter Blitz Cup"]
[Site "chess24.com INT"]
[Date "2019.11.06"]
[Round "1.9"]
[White "Ibarra Jerez, Jose Carlos"]
[Black "Chigaev, Maksim"]
[Result "0-1"]
[WhiteTitle "GM"]
[BlackTitle "GM"]
[WhiteElo "2538"]
[BlackElo "2644"]
[WhiteFideId "2226332"]
[BlackFideId "4108116"]
[EventDate "2019.09.25"]
[EventType "blitz"]

1. e4 e5 2. Nf3 Nc6 3. d4 exd4 4. Nxd4 Nf6 5. Nxc6 bxc6 6. Qe2 Rb8 7. a3 Be7 8.
e5 Nd5 9. c4 Nb6 10. Qc2 O-O 11. Bd3 h6 12. O-O d5 13. exd6 cxd6 14. Nc3 Be6 15.
b3 d5 16. cxd5 Nxd5 17. Ne4 Qb6 18. Bc4 Rfe8 19. Bb2 Bf5 20. Rfe1 Rbd8 21. h3
Qb8 22. Rad1 Bg6 23. Qc1 Bf8 24. Ng3 Nf4 25. Rxd8 Rxe1+ 26. Qxe1 Qxd8 27. Qe3
Nd3 28. Bd4 c5 29. Bc3 Qg5 30. Nf1 Nf4 31. Ng3 Bd6 32. Qe8+ Kh7 33. Bxf7 Nxh3+
34. gxh3 Bxf7 35. Qxf7 Qc1+ 36. Kg2 Qxc3 37. Nf5 Qe5 38. h4 Qh2+ 39. Kf3 Qf4+
40. Ke2 Qe4+ 41. Kf1 Qh1+ 42. Ke2 Qe4+ 43. Ne3 Be7 44. h5 Bf6 45. Qd5 Qh4 46.
Qf5+ Kh8 47. Qc8+ Kh7 48. Qxc5 Kh8 49. Qf5 Bg5 50. Qc8+ Kh7 51. Qf5+ Kh8 52. Ng4
Qxh5 53. Qf3 Qe8+ 54. Ne3 Qb5+ 55. Ke1 Qb8 56. Ke2 Qe8 57. Qf5 Qb5+ 58. Kf3 Qb6
59. Kg2 Qb7+ 60. Qe4 Qb8 61. Qh7+ Kxh7 62. Ng4 Qb7+ 63. f3 Qf7 0-1

[Event "Chess24 Banter Blitz Cup"]
[Site "chess24.com INT"]
[Date "2019.11.06"]
[Round "1.10"]
[White "Chigaev, Maksim"]
[Black "Ibarra Jerez, Jose Carlos"]
[Result "1-0"]
[WhiteTitle "GM"]
[BlackTitle "GM"]
[WhiteElo "2644"]
[BlackElo "2538"]
[WhiteFideId "4108116"]
[BlackFideId "2226332"]
[EventDate "2019.09.25"]
[EventType "blitz"]

1. e4 e6 2. Qe2 e5 3. Qd1 Nc6 4. Nf3 Nf6 5. d3 d5 6. exd5 Nxd5 7. g3 Be6 8. Bg2
f6 9. O-O Qd7 10. Re1 O-O-O 11. Nc3 g5 12. Nxd5 Bxd5 13. Be3 h5 14. c4 Be6 15.
Qa4 a6 16. Nd2 Nb4 17. Qa5 Nxd3 18. a3 Nxe1 19. Rxe1 h4 20. Ne4 hxg3 21. fxg3
Be7 22. Nc5 Bxc5 23. Qxc5 Qd6 24. Qa7 c6 25. Rf1 Rh6 26. h4 Bxc4 27. Bh3+ Be6
28. Bxe6+ Qxe6 29. Bb6 Rd5 30. Qa8+ Kd7 31. Qd8# 1-0

[Event "Chess24 Banter Blitz Cup"]
[Site "chess24.com INT"]
[Date "2019.11.06"]
[Round "1.11"]
[White "Ibarra Jerez, Jose Carlos"]
[Black "Chigaev, Maksim"]
[Result "0-1"]
[WhiteTitle "GM"]
[BlackTitle "GM"]
[WhiteElo "2538"]
[BlackElo "2644"]
[WhiteFideId "2226332"]
[BlackFideId "4108116"]
[EventDate "2019.09.25"]
[EventType "blitz"]

1. Nf3 Nf6 2. g3 g6 3. b3 Bg7 4. Bb2 O-O 5. Bg2 b6 6. O-O Bb7 7. c4 c5 8. d4
cxd4 9. Qxd4 d6 10. Qc3 Nbd7 11. Rd1 Rc8 12. Qe1 a6 13. Nc3 Rc7 14. Rac1 Qa8 15.
Nh4 Rfc8 16. Bxb7 Qxb7 17. Nf3 Ne4 18. Nxe4 Bxb2 19. Rc2 Qxe4 20. Rxb2 b5 21.
cxb5 axb5 22. Nd4 Rc5 23. f3 Qa8 24. e4 Ne5 25. Kg2 Rc3 26. Rf2 Nd3 27. Rxd3
Rxd3 28. Nxb5 Qa6 29. Qb4 Qb6 30. a4 Qc5 31. Qxc5 dxc5 32. Rb2 Rcd8 33. Re2 Rxb3
34. Rc2 Rc8 35. Na7 Ra8 36. Nc6 e6 37. a5 Rb5 38. Ra2 Ra6 39. Ne5 Rbxa5 40. Re2
Ra2 41. Kf2 Rxe2+ 42. Kxe2 Ra2+ 43. Ke3 Rxh2 44. Nd7 c4 45. Nf6+ Kg7 46. Ng4 Ra2
47. Ne5 c3 48. Kd3 c2 49. Kd2 h5 50. Nd3 g5 51. Nb4 c1=Q+ 52. Kxc1 Rg2 53. Kd1
Rxg3 54. Ke2 h4 55. Kf2 g4 56. Nd3 Rxf3+ 57. Ke2 Rxd3 58. Kxd3 h3 59. Ke3 h2 0-1

[Event "Chess24 Banter Blitz Cup"]
[Site "chess24.com INT"]
[Date "2019.11.06"]
[Round "1.12"]
[White "Chigaev, Maksim"]
[Black "Ibarra Jerez, Jose Carlos"]
[Result "0-1"]
[WhiteTitle "GM"]
[BlackTitle "GM"]
[WhiteElo "2644"]
[BlackElo "2538"]
[WhiteFideId "4108116"]
[BlackFideId "2226332"]
[EventDate "2019.09.25"]
[EventType "blitz"]

1. e4 c5 2. Nf3 Nf6 3. Nc3 d5 4. exd5 Nxd5 5. Bb5+ Bd7 6. Ne5 Bxb5 7. Qf3 f6 8.
Nxb5 Na6 9. Qh5+ g6 10. Nxg6 hxg6 11. Qxh8 Qd7 12. Nc3 Qe6+ 13. Kf1 Nab4 14. Qh3
Qxh3 15. gxh3 e6 16. Nxd5 exd5 17. c3 Nd3 18. Ke2 c4 19. b3 Kf7 20. bxc4 dxc4
21. Rb1 Re8+ 22. Kf3 b6 23. Rb5 Bc5 24. Rf1 Re5 25. h4 Rf5+ 26. Ke2 Nf4+ 27. Kd1
Nd3 28. a4 a5 29. Rb1 Rh5 30. Ra1 Rxh4 31. Ba3 Bxf2 32. Bd6 Re4 33. Rb1 f5 34.
Bc7 Re6 35. Kc2 Rc6 36. Rxf2 Rxc7 37. Rf3 Rc6 38. h4 Kf6 39. Rg1 Nc5 40. Rfg3
Kf7 41. h5 gxh5 42. Rg7+ Ke6 43. Rh7 Kd5 44. Rxh5 Rf6 45. Re1 Kd6 46. Rb1 Nxa4
47. Rb5 Ke6 48. d4 cxd3+ 49. Kxd3 f4 50. Rbe5+ Kd6 51. Rhf5 Nc5+ 52. Kc4 Rh6 53.
Rd5+ Kc6 54. Rxc5+ bxc5 55. Rxc5+ Kb6 56. Rf5 Rh4 57. Rf6+ Kc7 58. Kb5 Rh5+ 59.
Ka4 Rh4 60. Kxa5 Kd7 61. c4 Ke7 62. Rf5 Ke6 63. Rf8 Ke7 64. Rf5 Ke6 65. Rf8 Rh5+
66. Kb6 Ke5 67. c5 Rh6+ 68. c6 Rh1 69. c7 Rb1+ 70. Ka7 Ra1+ 71. Kb8 Rb1+ 72. Kc8
Rd1 73. Re8+ Kd6 74. Rf8 Ke5 75. Rxf4 Kxf4 0-1

[Event "Chess24 Banter Blitz Cup"]
[Site "chess24.com INT"]
[Date "2019.11.06"]
[Round "1.13"]
[White "Ibarra Jerez, Jose Carlos"]
[Black "Chigaev, Maksim"]
[Result "1-0"]
[WhiteTitle "GM"]
[BlackTitle "GM"]
[WhiteElo "2538"]
[BlackElo "2644"]
[WhiteFideId "2226332"]
[BlackFideId "4108116"]
[EventDate "2019.09.25"]
[EventType "blitz"]

1. d4 Nf6 2. Bf4 g6 3. Nc3 Bg7 4. e4 d5 5. e5 Ne4 6. Nge2 Nxc3 7. Nxc3 O-O 8.
Qd2 c5 9. dxc5 Nc6 10. Bh6 d4 11. Ne4 Qd5 12. Bd3 Qxe5 13. Bxg7 Qxg7 14. f4 Bf5
15. O-O Rad8 16. b4 Bxe4 17. Bxe4 d3 18. c3 f5 19. Bxc6 bxc6 20. Rf3 e5 21. fxe5
Qxe5 22. Rxd3 Rxd3 23. Qxd3 f4 24. Rf1 a5 25. a3 axb4 26. axb4 g5 27. Qd4 Qe2
28. h3 h5 29. Qf2 1-0

[Event "Chess24 Banter Blitz Cup"]
[Site "chess24.com INT"]
[Date "2019.11.06"]
[Round "1.14"]
[White "Chigaev, Maksim"]
[Black "Ibarra Jerez, Jose Carlos"]
[Result "1-0"]
[WhiteTitle "GM"]
[BlackTitle "GM"]
[WhiteElo "2644"]
[BlackElo "2538"]
[WhiteFideId "4108116"]
[BlackFideId "2226332"]
[EventDate "2019.09.25"]
[EventType "blitz"]

1. e4 c5 2. Nf3 Nf6 3. d3 d5 4. exd5 Nxd5 5. g3 Nc6 6. Bg2 g6 7. O-O Bg7 8. Re1
O-O 9. Nbd2 e5 10. Nc4 f6 11. a4 b6 12. c3 Be6 13. a5 b5 14. Ne3 Nde7 15. a6 Qb6
16. d4 cxd4 17. cxd4 Rad8 18. Nc2 e4 19. Rxe4 Bf5 20. Re1 Nd5 21. Ne3 Be4 22.
Nxd5 Bxd5 23. Be3 f5 24. Qc2 h6 25. Ne5 Nb4 26. Bxd5+ Nxd5 27. Qc6 Rf6 28. Qb7
Rb8 29. Qxd5+ 1-0

[Event "Chess24 Banter Blitz Cup"]
[Site "chess24.com INT"]
[Date "2019.11.06"]
[Round "1.15"]
[White "Ibarra Jerez, Jose Carlos"]
[Black "Chigaev, Maksim"]
[Result "1-0"]
[WhiteTitle "GM"]
[BlackTitle "GM"]
[WhiteElo "2538"]
[BlackElo "2644"]
[WhiteFideId "2226332"]
[BlackFideId "4108116"]
[EventDate "2019.09.25"]
[EventType "blitz"]

1. d4 Nf6 2. Nc3 d5 3. Bf4 e6 4. e3 Bb4 5. Bd3 c5 6. dxc5 Nc6 7. Ne2 Bxc5 8. O-O
O-O 9. e4 d4 10. Na4 Be7 11. e5 Nd5 12. Bg3 Bh4 13. Re1 h6 14. Bxh4 Qxh4 15. Ng3
Nf4 16. Re4 Qg5 17. h4 Qxh4 18. Qf3 g5 19. Ne2 f5 20. Nxf4 fxe4 21. Qxe4 Rf5 22.
g3 Qg4 23. Be2 Qxe2 24. Nxe2 Bd7 25. Nc5 1-0

[Event "Chess24 Banter Blitz Cup"]
[Site "chess24.com INT"]
[Date "2019.11.06"]
[Round "1.16"]
[White "Chigaev, Maksim"]
[Black "Ibarra Jerez, Jose Carlos"]
[Result "0-1"]
[WhiteTitle "GM"]
[BlackTitle "GM"]
[WhiteElo "2644"]
[BlackElo "2538"]
[WhiteFideId "4108116"]
[BlackFideId "2226332"]
[EventDate "2019.09.25"]
[EventType "blitz"]

1. e4 e5 2. Nf3 Nc6 3. g3 Nf6 4. d3 d5 5. exd5 Nxd5 6. Bg2 g6 7. O-O Bg7 8. Re1
O-O 9. Nbd2 Nde7 10. a4 h6 11. a5 a6 12. Nc4 f6 13. Nfd2 Bf5 14. Ne4 Rb8 15. Nc5
Kh7 16. Bd2 Nd5 17. c3 Re8 18. Qa4 Nce7 19. Ne4 Bd7 20. Qc2 Bb5 21. Nc5 Qc8 22.
Ne3 Bc6 23. Nxd5 Nxd5 24. Rad1 h5 25. Bc1 h4 26. Ne4 hxg3 27. hxg3 Qg4 28. Qe2
Qd7 29. Nc5 Qd6 30. Ne4 Qe7 31. Qg4 Rbd8 32. Qh3+ Kg8 33. Qh1 Qf7 34. Nc5 Qf8
35. Ne4 Rd7 36. Bf3 Red8 37. Qh3 Re7 38. Kg2 Bd7 39. Qh2 Bc6 40. Rh1 Kf7 41. Bd2
Ke8 42. c4 f5 43. cxd5 fxe4 44. dxe4 Ba4 45. Bg5 Rf7 46. Rd3 Bc2 47. Re3 Rxf3
48. Re2 Bxe4 49. Kg1 Rxd5 50. Qh3 Qf5 51. Qxf5 0-1

[Event "Chess24 Banter Blitz Cup"]
[Site "chess24.com INT"]
[Date "2019.11.06"]
[Round "1.17"]
[White "Ibarra Jerez, Jose Carlos"]
[Black "Chigaev, Maksim"]
[Result "1-0"]
[WhiteTitle "GM"]
[BlackTitle "GM"]
[WhiteElo "2538"]
[BlackElo "2644"]
[WhiteFideId "2226332"]
[BlackFideId "4108116"]
[EventDate "2019.09.25"]
[EventType "blitz"]

1. d4 Nf6 2. Nc3 d5 3. Bf4 e6 4. Nb5 Na6 5. e3 c6 6. Nc3 Nc7 7. Nf3 Be7 8. Bd3
O-O 9. Ne5 Nce8 10. Qf3 Nd6 11. Qh3 g6 12. Bh6 Re8 13. g4 Nd7 14. f4 Nxe5 15.
fxe5 Nb5 16. Nxb5 cxb5 17. O-O Bf8 18. Bxf8 Rxf8 19. Rf6 Kg7 20. g5 Bd7 21. Qh6+
Kh8 22. Raf1 Qe7 23. R1f4 1-0

[Event "Chess24 Banter Blitz Cup"]
[Site "chess24.com INT"]
[Date "2019.11.06"]
[Round "1.18"]
[White "Chigaev, Maksim"]
[Black "Ibarra Jerez, Jose Carlos"]
[Result "1-0"]
[WhiteTitle "GM"]
[BlackTitle "GM"]
[WhiteElo "2644"]
[BlackElo "2538"]
[WhiteFideId "4108116"]
[BlackFideId "2226332"]
[EventDate "2019.09.25"]
[EventType "blitz"]

1. e4 Nc6 2. Nf3 d6 3. g3 g6 4. Bg2 Nf6 5. d3 Bg7 6. O-O O-O 7. Re1 e5 8. Nbd2
h6 9. a4 a5 10. c3 Be6 11. Nc4 Nd7 12. Nfd2 Nc5 13. Qc2 f5 14. exf5 Bxf5 15. Ne4
Nd7 16. Ne3 Be6 17. Nd2 Nf6 18. Nb3 Qd7 19. d4 exd4 20. Nxd4 Nxd4 21. cxd4 Kh7
22. Bxb7 Rab8 23. Bc6 Qf7 24. Bg2 Bb3 25. Qc3 Rb4 26. Bd2 c5 27. Qc1 Rxd4 28.
Bc3 Ne4 29. Bxd4 Qxf2+ 30. Kh1 Nxg3+ 31. hxg3 cxd4 32. Nf1 Rf5 33. Re7 Rh5+ 34.
Nh2 Qxg3 35. Qg1 Kh8 36. Re8+ Kh7 37. Be4 Be5 38. Re7+ Kh8 39. Qxg3 Bxg3 40. Kg2
Bxh2 41. Rc1 Bg8 42. Rc8 Be5 43. Ree8 Rh2+ 44. Kg1 Kg7 45. Rxg8+ Kf6 46. Rxg6+
Kf7 47. Rc7+ Kf8 48. Bd5 1-0

[Event "Chess24 Banter Blitz Cup"]
[Site "chess24.com INT"]
[Date "2019.11.06"]
[Round "1.19"]
[White "Ibarra Jerez, Jose Carlos"]
[Black "Chigaev, Maksim"]
[Result "0-1"]
[WhiteTitle "GM"]
[BlackTitle "GM"]
[WhiteElo "2538"]
[BlackElo "2644"]
[WhiteFideId "2226332"]
[BlackFideId "4108116"]
[EventDate "2019.09.25"]
[EventType "blitz"]

1. d4 g6 2. e4 Bg7 3. Nc3 d6 4. Be3 e6 5. Qd2 Nd7 6. h4 h6 7. f4 Ngf6 8. Be2 h5
9. Nh3 a6 10. Ng5 b5 11. Bf3 b4 12. Ne2 Rb8 13. f5 gxf5 14. exf5 e5 15. O-O-O
O-O 16. Ng3 exd4 17. Bxd4 c5 18. Bf2 Qa5 19. Kb1 c4 20. Nxh5 Nxh5 21. Bxh5 c3
22. Qf4 b3 23. cxb3 c2+ 24. Kxc2 Qxa2 25. Bd4 Qxb3+ 26. Kb1 Rb4 27. Qf2 Nf6 28.
g4 Bb7 29. Rhe1 Bd5 30. Bc3 Qxc3 31. Re3 Qc4 32. Ra3 Rfb8 33. Rd2 Ne4 34. Bxf7+
Bxf7 0-1

[Event "Chess24 Banter Blitz Cup"]
[Site "chess24.com INT"]
[Date "2019.11.06"]
[Round "1.20"]
[White "Chigaev, Maksim"]
[Black "Ibarra Jerez, Jose Carlos"]
[Result "1-0"]
[WhiteTitle "GM"]
[BlackTitle "GM"]
[WhiteElo "2644"]
[BlackElo "2538"]
[WhiteFideId "4108116"]
[BlackFideId "2226332"]
[EventDate "2019.09.25"]
[EventType "blitz"]

1. e4 d5 2. exd5 Qxd5 3. Nc3 Qd6 4. d4 Nf6 5. Nf3 c6 6. Ne5 Be6 7. Nc4 Qd8 8.
Ne3 g6 9. g3 Bg7 10. Bg2 O-O 11. O-O Na6 12. d5 Bd7 13. Qe2 Nb4 14. dxc6 Nxc6
15. Rd1 Rc8 16. Ned5 Nxd5 17. Nxd5 e6 18. Ne3 Nd4 19. Qd2 Bc6 20. c3 Nf3+ 21.
Bxf3 Bxf3 22. Qxd8 Rfxd8 23. Re1 Rd3 24. Nf1 b5 25. a3 a5 26. Bf4 b4 27. axb4
axb4 28. cxb4 Bd5 29. Rac1 Ra8 30. Ne3 Bf3 31. Nc4 Rb3 32. Nd2 Rd3 33. Nxf3 Rxf3
34. Re3 Rxe3 35. Bxe3 Rb8 36. b5 Bxb2 37. Rb1 Be5 38. b6 Rb7 39. Rb5 Bd6 40. Ra5
Bb8 41. h4 Kf8 42. h5 Ke7 43. hxg6 hxg6 44. Kg2 Kd7 45. Ra1 Kc6 46. Rc1+ Kd7 47.
Rd1+ Kc6 48. Rc1+ Kd5 49. Rd1+ Ke4 50. Rd4+ Kf5 51. g4+ Kf6 52. Rd8 e5 53. Rc8
Ke6 54. g5 Bd6 55. Kf3 Kf5 56. Ra8 e4+ 57. Kg2 Bf4 58. Ra7 Rb8 59. Rxf7+ Ke6 60.
Rxf4 Rxb6 61. Rf6+ Ke5 62. Rxb6 1-0

[Event "Chess24 Banter Blitz Cup"]
[Site "chess24.com INT"]
[Date "2019.11.09"]
[Round "1.1"]
[White "Vasquez Schroeder, Rodrigo"]
[Black "Nyzhnyk, Illya"]
[Result "1-0"]
[WhiteTitle "GM"]
[BlackTitle "GM"]
[WhiteElo "2465"]
[BlackElo "2665"]
[WhiteFideId "3400042"]
[BlackFideId "14118084"]
[EventDate "2019.09.25"]
[EventType "blitz"]

1. e4 c6 2. d4 d5 3. exd5 cxd5 4. Bd3 Nc6 5. c3 Qc7 6. Ne2 Nf6 7. Bf4 Qb6 8. Qb3
Bg4 9. Nd2 e6 10. Qxb6 axb6 11. a3 Kd7 12. h3 Bxe2 13. Kxe2 Bd6 14. Be3 Nh5 15.
Nf3 Nf4+ 16. Bxf4 Bxf4 17. Rhe1 f6 18. Kf1 Ke7 19. Bf5 Nd8 20. Re2 Kf7 21. Rae1
exf5 22. Re7+ Kg6 23. Nh4+ Kg5 24. g3 Bxg3 25. fxg3 g6 26. Rd7 Nc6 27. Rxb7 Rhe8
28. Rxe8 Rxe8 29. Rxb6 Na5 30. Nf3+ Kh6 31. Nd2 Kg5 32. Kf2 f4 33. Nf3+ Kf5 34.
g4+ Ke4 35. Rxf6 Kd3 36. Rxf4 Re2+ 37. Kg3 Rxb2 38. Rf7 Kxc3 39. Rxh7 Nc4 40.
Rd7 Ra2 41. Rxd5 Rxa3 42. Rc5 Kd3 43. Kf4 1-0